| 000 | 01053nam2a22002651 4500 | ||
|---|---|---|---|
| 001 | v19\rc\1896934 | ||
| 005 | 20251118180433.3 | ||
| 035 | _a(NLR Aleph) 004983045 | ||
| 090 |
_a6205543 _c6205543 |
||
| 100 | _a20080221d1911 u y0rusy50 ca | ||
| 101 | 0 | _arus | |
| 102 | _aRU | ||
| 105 | _aa z ||||| | ||
| 200 | 1 |
_aВодяные турбины _eАвтоматическое регулирование |
|
| 210 | _d1911 | ||
| 215 | _a120, 39 с., 13 л. ил. | ||
| 461 | 0 |
_1001v19\rc\1896933 _12001#$aГидравлика$eЧ. 2-$fИ.Г. Есьман$vЧ. 2 _1700#1$aЕсьман$bИ.Г.$f1868-1955$gИосиф Гаврилович _96205536 _aЕсьман, И.Г. (1868-1955) _cСанкт-Петербург _d1911 _fИ.Г. Есьман _nИзд. комис. Электротехн. ин-та _oЧ. 2- _tГидравлика _vЧ. 2 |
|
| 801 | 0 |
_aRU _bNLR _gpsbo |
|
| 801 | 0 |
_aRU _bRuMoRGB _2psbo |
|
| 801 | 1 |
_aRU _bProSoft-M _2rusmarc |
|
| 852 |
_aNLR _j38.41.1.58 |
||
| 899 |
_aRuMoRGB _jU 332/20 |
||
| 899 |
_aRuMoRGB _jU 485/172 |
||
| 942 | _cBOOK | ||
| 980 | _aNB | ||